Polscy medaliści ZIO - Statystyki

Ogólne statystyki
  • Ten quiz został rozwiązany 72 razy
  • Średni wynik to 14 z 25
Statystyki odpowiedzi
ZIO: Dyscyplina: Medalista: % Poprawnych
2002, Salt Lake City skoki narciarskie Adam Małysz
95%
2010, Vancouver skoki narciarskie Adam Małysz
95%
2006, Turyn biegi narciarskie Justyna Kowalczyk
95%
2010, Vancouver biegi narciarskie Justyna Kowalczyk
95%
2014, Soczi biegi narciarskie Justyna Kowalczyk
95%
2014, Soczi skoki narciarskie Kamil Stoch
95%
2018, Pjongczang skoki narciarskie (ind. + dr.) Kamil Stoch
95%
2014, Soczi łyżwiarstwo szybkie (ind. + dr.) Zbigniew Bródka
89%
2018, Pjongczang skoki narciarskie (drużynowo) Dawid Kubacki
86%
1972, Sapporo skoki narciarskie Wojciech Fortuna
86%
2018, Pjongczang skoki narciarskie (drużynowo) Maciej Kot
84%
2018, Pjongczang skoki narciarskie (drużynowo) Stefan Hula
81%
2006, Turyn biathlon Tomasz Sikora
61%
2014, Soczi łyżwiarstwo szybkie (drużynowo) Natalia Czerwonka
36%
2010, Vancouver łyżwiarstwo szybkie (drużynowo) Katarzyna Bachleda-Curuś
34%
2014, Soczi łyżwiarstwo szybkie (drużynowo) Katarzyna Bachleda-Curuś
34%
2014, Soczi łyżwiarstwo szybkie (drużynowo) Konrad Niedźwiedzki
30%
2010, Vancouver łyżwiarstwo szybkie (drużynowo) Luiza Złotkowska
28%
2014, Soczi łyżwiarstwo szybkie (drużynowo) Luiza Złotkowska
28%
2014, Soczi łyżwiarstwo szybkie (drużynowo) Jan Szymański
25%
2010, Vancouver łyżwiarstwo szybkie (drużynowo) Katarzyna Woźniak
16%
2014, Soczi łyżwiarstwo szybkie (drużynowo) Katarzyna Woźniak
16%
1956, Cortina d'Ampezzo kombinacja norweska Franciszek Gąsienica-Groń
11%
1960, Squaw Valley łyżwiarstwo szybkie Elwira Seroczyńska
6%
1960, Squaw Valley łyżwiarstwo szybkie Helena Pilejczyk
6%
Nie znaleziono quizów pasujących do podanych kryteriów
Rozkład punktacji
Procent ludzi z każdym wynikiem
Percentyl według liczby udzielonych odpowiedzi
Twoja historia wyników
Nie rozwiązałeś tego quizu